header

The apocryphal epistle to the Laodiceans (Record no. 209474)

MARC details
000 -LEADER
fixed length control field 01365nam a2200325Ia 4500
082 04 - DEWEY DECIMAL CLASSIFICATION NUMBER
Classification number 229/.93
100 1# - MAIN ENTRY--AUTHOR NAME
Personal name Tite, Philip L.,
245 14 - TITLE STATEMENT
Title The apocryphal epistle to the Laodiceans
260 ## - PUBLICATION, DISTRIBUTION, ETC. (IMPRINT)
Place of publication Leiden ;
-- Boston :
Name of publisher Brill,
Year of publication 2012.
300 ## - PHYSICAL DESCRIPTION
Number of Pages xiii, 158 p.
490 0# - SERIES STATEMENT
Series statement Texts and editions for New Testament study,
856 40 - ELECTRONIC LOCATION AND ACCESS
Uniform Resource Identifier http://site.ebrary.com/lib/rucke/Doc?id=10590538

No items available.

© 2026 Rongo University
Contact us: librarian | system librarian | Rongo university